| 000 | 00957nam a22003017a 4500 | ||
|---|---|---|---|
| 005 | 20260222220702.0 | ||
| 008 | 260222b |||||||| |||| 00| 0 spa d | ||
| 040 |
_aCO-BoESAP _bspa _cCO-BoESAP |
||
| 100 | 1 |
_aRoa Suárez, Hernando, _d1939- _9119 _eautor |
|
| 245 | 1 | 3 |
_aLa reforma del Estado y la gobernabilidad / _cHernando Roa Suárez. |
| 300 | _apáginas 221-251 | ||
| 504 | _aBibliografía : página 251. | ||
| 526 | _a104436 | ||
| 526 | _a1697 | ||
| 526 | _a19790 | ||
| 526 | _a51868 | ||
| 526 | _a102619 | ||
| 526 | _a5144 | ||
| 650 | 1 | 7 |
_aReforma del Estado _92349 _2LEMB |
| 650 | 2 | 7 |
_aEstado _92991 _2LEMB |
| 650 | 2 | 7 |
_aPartidos políticos _93466 _2LEMB |
| 650 | 2 | 7 |
_aAdministración pública _948331 _2LEMB |
| 650 | 2 | 4 |
_aGobernabilidad _920096 |
| 650 | 2 | 7 |
_aReforma del Estado _92349 _2LEMB _zColombia _y1990-1994 |
| 651 | 7 |
_aColombia _2LEMB _9164775 _xPolítica y gobierno |
|
| 773 | _tTemas políticos contemporáneos | ||
| 942 |
_2cl _cCHAP |
||
| 999 |
_c175246 _d175246 |
||